000 02301nab a2200277 a 4500
005 20251105063905.0
008 991125c2016 sp fr p o 000 0 spa d
035 _aUPN01000216428
040 _aUPN
_bspa
_cUPN
_eaacr2
049 _aART-E
100 1 _aJiménez González, Ana Rocío
100 1 _aRodríguez Casado, María del Rocío
245 1 0 _aComunidades de Aprendizaje: propuesta de desarrollo y sostenibilidad desde la educación social en instituciones educativa.
506 0 _aAcceso abierto
520 3 _aCon el presente artículo ofrecemos una visión desde la Educación Social para con los centros escolares que están inmersos en el modelo educativo de las Comunidades de Aprendizaje, ya que a pesar de tratarse de una práctica que aparece hace más de 35 años en España (Morlà 2015), aún es bastante desconocida dentro del ámbito escolar. Esto hace que podamos encontrar muchas lagunas en su implantación, y sobre todo, en el mantenimiento del mismo con el paso de los años. Es por ello que, a continuación, presentamos una propuesta socioeducativa para las Comunidades de Aprendizaje desde la Educación Social como modelo de desarrollo y sostenibilidad, donde prima la intervención con toda la comunidad educativa en su conjunto de forma interrelacional. En este sentido, entendemos que la educación del alumnado es responsabilidad de toda su comunidad, y aunque un proyecto sea excelente, siempre ha de tener previsto un procedimiento o protocolo que lo pueda sustentar cuando el proyecto vaya perdiendo entusiasmo. Si bien, el propósito de esta publicación va más allá, pues se intenta hacer una reflexión sobre el papel que juega el/la educador/a social en el desarrollo y sostenibilidad de las Comunidades de Aprendizaje en los centros escolares.
650 4 _aEducación social
_913718
650 7 _aSustentabilidad
_946877
653 0 _aComunidades de aprendizaje
653 0 _aCentros educativos
773 _gNo. 25 (2016), p. 105-118
_tCuestiones pedagógicas : revista de ciencias de la educación
_x0213-1269
856 4 _uhttps://revistascientificas.us.es/index.php/Cuestiones-Pedagogicas/article/view/9695
856 4 _uhttps://doi.org/10.12795/CP.2016.i25.08
902 _aGloria Jiménez/1024
905 _aArticulo
942 _cART-E
999 _c188528
_d188528